| 000 | 00353nam a2200145Ia 4500 | ||
|---|---|---|---|
| 008 | 230917s9999||||xx |||||||||||||| ||und|| | ||
| 040 |
_e45780 _aMAIN |
||
| 041 | _aEnglish | ||
| 082 | _a200.1 H774O | ||
| 100 | _aHopkins, E Washbury | ||
| 245 | 0 | _aOrigin and evolution of religion | |
| 260 |
_aVaranasi _bBharatiya |
||
| 300 | _a370 p. | ||
| 942 | _cBK | ||
| 999 |
_c186496 _d186496 |
||